Estadísticas para Mapa de las regiones de Chile

Haz click aquí para intentar la prueba.

Estadísticas generales

  • Esta prueba ha sido intentada 1.027 veces
  • La puntuación promedio es 11 de 16

Respuestas en el mapa

Las respuestas están codificadas por una escala verde-roja en el mapa de la prueba según el % correcto abajo.
 

Estadísticas de respuestas

Región de la CorfoRegión% Correcto
Núcleo CentralMetropolitana de Santiago
98%
Núcleo CentralValparaíso
83%
Norte GrandeArica y Parinacota
75%
Norte GrandeAntofagasta
74%
Región de los CanalesMagallanes y de la Antártica Chilena
72%
Norte ChicoAtacama
71%
Región de los LagosLos Lagos
68%
Núcleo CentralLibertador General Bernardo O'Higgins
66%
Concepción y La FronteraBiobío
64%
Región de los LagosLos Ríos
63%
Norte ChicoCoquimbo
62%
Concepción y La FronteraLa Araucanía
60%
Núcleo CentralMaule
57%
Núcleo CentralÑuble
56%
Región de los CanalesAysén del General Carlos Ibáñez del Campo
54%
Norte GrandeTarapacá
53%

Distribución de puntuación

Porcentaje por número respondido

Porcentaje de gente con cada puntuación

Historial de tus puntuaciones

No has intentado esta prueba.